Social stratification: research and theory for the 1970s. (Record no. 57508)
[ view plain ]
| 000 -LEADER | |
|---|---|
| fixed length control field | 00849nam a2200277 a 4500 |
| 001 - CONTROL NUMBER | |
| control field | 57508 |
| 003 - CONTROL NUMBER IDENTIFIER | |
| rucl marc code | BD-RjUL |
| 005 - DATE AND TIME OF LATEST TRANSACTION | |
| control field | 20211209080524.0 |
| 008 - FIXED-LENGTH DATA ELEMENTS--GENERAL INFORMATION | |
| fixed length control field | 161210s1970 inu b 000 0 eng |
| 035 ## - SYSTEM CONTROL NUMBER | |
| System control number | (BD-RjUL)57632 |
| 040 ## - CATALOGING SOURCE | |
| Original cataloging agency | DLC |
| Transcribing agency | DLC |
| Modifying agency | DLC |
| Language of cataloging | eng |
| 041 ## - LANGUAGE CODE | |
| Language code of text/sound track or separate title | eng |
| 082 00 - DEWEY DECIMAL CLASSIFICATION NUMBER | |
| Classification number | 305.5 |
| Edition number | 23 |
| Author mark and year | SOC 1990 |
| 245 00 - TITLE STATEMENT | |
| Title | Social stratification: research and theory for the 1970s. |
| Statement of responsibility, etc. | Edited by Edward O. Laumann. |
| 260 ## - PUBLICATION, DISTRIBUTION, ETC. (IMPRINT) | |
| Place of publication, distribution, etc. | Indianapolis : |
| Name of publisher, distributor, etc. | Bobbs-Merrill, |
| Date of publication, distribution, etc. | 1970 |
| 300 ## - PHYSICAL DESCRIPTION | |
| Pagination | 280 p. : |
| Size | 23 cm. |
| 350 ## - PRICE (NR) (BK AM CF MU VM SE) [OBSOLETE] | |
| Price | $2.50 |
| 500 ## - GENERAL NOTE | |
| General note | "Special issue of Sociological inquiry." |
| 504 ## - BIBLIOGRAPHY, ETC. NOTE | |
| Bibliography, etc | Includes bibliographies. |
| 650 #0 - SUBJECT ADDED ENTRY--TOPICAL TERM | |
| Topical term or geographic name as entry element | Social classes. |
| 9 (RLIN) | 170777 |
| Topical term or geographic name as entry element | Social classes |
| Geographic subdivision | United States. |
| 9 (RLIN) | 170778 |
| 700 1# - ADDED ENTRY--PERSONAL NAME | |
| Personal name | Laumann, Edward O., |
| Relator term | ed. |
| 942 ## - ADDED ENTRY ELEMENTS (KOHA) | |
| Source of classification or shelving scheme | Dewey Decimal Classification |
| Koha item type | Books |
| Lost status | Source of classification or shelving scheme | Damaged status | Not for loan | Collection code | Permanent Location | Current Location | Shelving location | Date acquired | Total Checkouts | Full call number | Date last seen | Copy number | Koha item type |
|---|---|---|---|---|---|---|---|---|---|---|---|---|---|
| Dewey Decimal Classification | Not For Loan | Non-fiction | Central Library, University of Rajshahi | Central Library, University of Rajshahi | Reading Room | 27/07/1987 | 305.5 SOC 1990 | 10/12/2016 | C-1 | Books |